000 00779nam a2200229 i 4500
001 25714
003 ES-MaACL
005 20240419171831.0
007 t|
008 030102s1982 sp ||||1| spa d
100 1 _aArderiu, Clementina.
_922534
245 1 0 _aAntología /
_cClementina Arderiu ; selección, prólogo y traducción de José Corredor-Matheos.
250 _a[1ª ed.].
260 _a[Esplugues de Llobregat (Barcelona)] :
_bPlaza & Janés,
_c[1982]
300 _a196 p. ;
_c19 cm.
490 1 _aSelecciones de poesía española
500 _aTexto bilingüe.
700 0 _aCorredor-Matheos, José,
_d1929-
_940776
830 0 _aSelecciones de Poesía Española
_9181179
852 _aES-MaACL
_jL-2134
_bR.103104
999 _c25714
_d25714